| 000 | 01741nam a2200397 a 4500 | ||
|---|---|---|---|
| 003 | BLK | ||
| 005 | 20240322150330.0 | ||
| 008 | 180411b bul|||||r ||||||| ||bul|| | ||
| 010 | _aKNG00206756000 | ||
| 020 | _a9786197287035 | ||
| 040 | _aBLK | ||
| 041 |
_aBUL _cBUL |
||
| 080 |
_aРодинознание _b373.3.016:9 _x(075.2) _z373.3.016:9(075.2) _9237859 |
||
| 100 |
_aГеоргиев, Иван Йорданов _9347865 |
||
| 245 | 1 | 0 |
_aУчебник по родинознание _bот І до ІV кл. _cИван Георгиев, Димитър Лазов, Светлозар Димитров |
| 257 | _aBGR | ||
| 260 |
_aСофия _bИлия Вълчев _c2016 _fПерник : Полиграф |
||
| 300 |
_a64 с. _bс цв. ил. _c30 см |
||
| 380 | _aDN | ||
| 500 | _aДоп. тир. 2022 | ||
| 650 | 4 |
_aРодинознание - учебници за основни училища _9242510 |
|
| 653 | _aродинознание | ||
| 653 | _aІ кл. - ІV кл. | ||
| 700 | 0 |
_aЛазов, Димитър _qБъчваров, Димитър Лазов _d1884 - 19?? _gАвтор на учебници _9303721 |
|
| 700 | 1 | 0 |
_aЗмей Горянин _qДимитров, Светлозар Акендиев _d1905-1958 _gПисател. Автор на учебни помагала. Преводач от църковнославянски език. _970146 |
| 852 | _aЦб ІІ 21816 | ||
| 852 |
_bД _cДН 373.3.016:9/Г 37 И |
||
| 856 | 4 | _qpdf | |
| 856 | 4 | _qpdf | |
| 942 |
_cKNG _n0 |
||
| 944 |
_aCR _c23.05.2017 _lИваничка Йорданова _k30553 |
||
| 944 |
_aED _c26.06.2017 _kГеновева_Генчева |
||
| 999 |
_c197475 _d197475 |
||
| 999 | _d197475 | ||
| 999 | _d197475 | ||